Top 10 Città più popolose Città Metropolitana di Milano - Statistics

Statistiche generali
  • Questo quiz è stato fatto 146 volte
    64 dall'ultimo reset
  • Il punteggio medio è 6 su 10
Statistiche sulle risposte
Popolazione (ab.) Città % Corretto
1 366 155 Milano
98%
50 831 Rho
84%
78 843 Sesto San Giovanni
82%
74 847 Cinisello Balsamo
78%
41 578 Rozzano
67%
60 646 Legnano
49%
47 153 Cologno Monzese
39%
47 534 Paderno Dugnano
35%
40 028 San Giuliano Milanese
35%
37 270 Pioltello
24%
Nessun quiz corrispondente trovato
Distribuzione punteggi
Percentuale di utenti per punteggio
Percentile per numero di risposta
I tuoi punteggi nel tempo
Non hai fatto questo quiz dall'ultimo reset